| 000 | 00582nam a2200193 a 4500 | ||
|---|---|---|---|
| 001 | 000014501 | ||
| 005 | 20240530073917.0 | ||
| 008 | 100113s1973 dr r 000 f spa d | ||
| 040 |
_aDO-SdBNP _bspa _cBNPHU |
||
| 082 |
_aRD863.42 _bJ39b |
||
| 100 | 1 |
_aJasd, José _932753 |
|
| 245 | 1 | 0 |
_aBelina : _b(una novela dominica) / _cJosé Jasd. |
| 260 |
_aSanto Domingo : _bCaribe, _c1973. |
||
| 300 |
_a380 p. ; _c19 cm. |
||
| 590 | _aInventariado, 2019 / DG | ||
| 650 | 0 |
_aNovela dominicana _9223 |
|
| 650 | 0 |
_aLiteratura dominicana. _967 |
|
| 910 | _aValidado. Control de calidad. MMOLINA | ||
| 999 |
_c14090 _d14090 |
||